000 005330000a22001810004500
003 MACL
005 20160226151356.0
008 160226b xxu||||| |||| 00| 0 eng d
040 _aMACL
_cMACL
041 _aHindi
082 _a740
100 _aकादरी एस. एम. असग्रर अली
_940688
245 _aमिटटी का काम
260 _bरामप्रसाद एण्‍ड संस
_c1964
_aआगरा
350 _a2
650 _aDecoration
_940689
942 _cHIN
_k740
_2ddc
999 _c25310
_d25310